Statistiques concernant Les communes de la CA Grand Calais Terres & Mers

Cliquez ici pour prendre le quiz!

Statistiques générales

  • Ce quiz a été pris 34 fois
  • Le résultat moyen est 9 sur 14

Statistiques - réponses

Communes% Correct
Calais
100%
Coquelles
96%
Marck
92%
Sangatte
88%
Coulogne
83%
Escalles
63%
Fréthun
58%
Les Attaques
58%
Saint-Tricat
58%
Hames-Boucres
46%
Peuplingues
42%
Bonningues-lès-Calais
38%
Nielles-lès-Calais
33%
Pihen-lès-Guînes
33%

Distribution des résultats

Percentile par nombre de réponses

% des personnes avec chaque résultat

Votre développement - résultats

Vous n’avez pas pris ce quiz